000 00425nam a2200205Ia 4500
001 12552
003 GE_BSU
008 181216s||||||||xx |||||||||||||| ||und||
040 _cGE_BSU
080 _a811.111'366
100 _aLeech,Geoffrey
245 _aSemantics.
260 _aLondon
260 _bPenguin Books
260 _c1975
300 _a386p.18cm.
541 _h336Gel.
653 _aSemantics.
942 _cBK
999 _c45725
_d45725